000 00255nam a22001097a 4500
082 _a746.44 RIS'M
100 _aWARDLE, PATRICIA,RISLEY, EHRISTINE
_958092
245 _aMACHINE EMBROIDERY
260 _aLONDON
_bVISTA
_c1961
300 _a128P
942 _cBK
999 _c568306
_d568306